000
00266nam a2200097Ia 4500
008
120527s9999 xx 000 0 und d
100
_a
DANIELS,Tom..et al.
245
_a
The environmental planning handbook for sustainable...
260
_b
Planners Press
942
_c
BK
999
_c
24103
_d
24103